000 00696nam a2200169Ia 4500
008 090711s9999 xx 000 0 und d
082 _b609
100 _aबर्वे गोपाळ शि.
245 _aनारळ संवर्धन आणि अर्थशास्त्र
260 _bशांती पब्लिकेशन्स
_c1997
300 _a170
600 _aबर्वे गोपाळ शि.
630 _aनारळ संवर्धन आणि अर्थशास्त्र
700 _aबर्वे गोपाळ शि.
730 _aनारळ संवर्धन आणि अर्थशास्त्र
942 _cBOOK
999 _c324101
_d324101